| 000 | 00349nam a2200145Ia 4500 | ||
|---|---|---|---|
| 008 | 200615s9999||||xx |||||||||||||| ||und|| | ||
| 020 | _a9788180543272 | ||
| 082 |
_a650 _bBUS-G |
||
| 100 | _aGUPTA,S.P | ||
| 245 | 0 | _aBUSINESS STATISTICS | |
| 250 | _a14TH | ||
| 260 |
_aSultan Chand &sons _bSULTAN CHAND & SONS _c2006 |
||
| 300 | _a240 | ||
| 942 | _cBK | ||
| 999 |
_c26566 _d26566 |
||